00763cam a2200205 a 4500999001500000001000500015003000900020005001700029008004100046040002800087082001800115245011300133260004700246300002400293490005500317650003300372710002000405942001200425952012000437 c6559d65592802BD-DhUAP20210104101959.0210104s1990 wau 000 1 eng  aDLCcDLCdBD-DhUAPbeng a338.95492 BAN12aBangladesh :bpoverty and public expenditures : an evaluation of the impact of selected government programs. aWashington D.C. :bThe World Bank,cc1990. a229 pages ;c28 cm. aDocument of the World Bank ; vReport no. 7946-BD. aEconomic policyzBangladesh. aThe World Bank. 2ddccBK 00102ddc4070aUAPCLbUAPCLcGeneral Stacksd2021-01-04o338.95492 BANp3010002802r2021-01-04t1w2021-01-04yBK